000
00292nam a2200121Ia 4500
005
20250409180903.0
008
250409s9999||||xx |||||||||||||| ||und||
100
_a
ACHUTHA MENON, C
245
0
_a
UPANYASAMAALIKA
260
_b
D C BOOKS,
_a
KOTTAYAM:
650
_v
Malayalam Essays
942
_c
BOOK
999
_c
1890
_d
1890